| 000 | 00492nam a2200169Ia 4500 | ||
|---|---|---|---|
| 003 | IN-BaIIA | ||
| 008 | 211028s9999 xx 000 0 eng d | ||
| 020 | _a0-67-004988-3 | ||
| 040 | _cIIA Library | ||
| 080 |
_a92:32 _bSET |
||
| 100 |
_aSeth, L _928911 |
||
| 245 | 0 |
_aOn balance _ban autobiography _cL. Seth |
|
| 260 |
_aDelhi _bPenguin/Viking _c2003 |
||
| 300 | _axiv, 474p. | ||
| 650 |
_aLeila Seth - Autobiography _928912 |
||
| 942 | _cBK | ||
| 999 |
_c15687 _d15687 |
||